000
00274nam a2200109 a 4500
001
000033344
005
20200930070207.0
008
110825s1901 000 spa d
245
0
_a
Lili el sanguinario machetero dominicano.
260
_a
Curazao,
_c
1901.
999
_c
32835
_d
32835
040
_a
DO-SdBNP